[Event "Torquay op 49th"]
[Site "Torquay"]
[Date "2015.11.14"]
[Round "2"]
[White "Bartlett, Simon"]
[Black "Webster, Richard J"]
[Result "1/2-1/2"]
[WhiteElo "1953"]
[BlackElo "1938"]
[PlyCount "29"]
[EventDate "2015.11.13"]
[EventType "swiss"]
[EventRounds "5"]
[EventCountry "ENG"]
[SourceTitle "EXT 2022"]
[Source "ChessBase"]
[SourceDate "2021.10.06"]
[SourceVersion "1"]
[SourceVersionDate "2021.10.06"]
[SourceQuality "1"]

1. e4 e6 2. d4 d5 3. Nd2 dxe4 4. Nxe4 Nd7 5. Nf3 Ngf6 6. Bd3 Nxe4 7. Bxe4 Nf6 8. Bd3 Be7 9. 0-0 0-0 10. b3 b6 11. Bb2 Bb7 12. Qe2 Qd5 13. Qe5 Bd6 14. Qxd5 Bxd5 15. Rfe1 1/2-1/2

[Event "Torquay op 49th"]
[Site "Torquay"]
[Date "2015.11.14"]
[Round "3"]
[White "Tello, Yasser"]
[Black "Bartlett, Simon"]
[Result "0-1"]
[WhiteElo "1957"]
[BlackElo "1953"]
[PlyCount "48"]
[EventDate "2015.11.13"]
[EventType "swiss"]
[EventRounds "5"]
[EventCountry "ENG"]
[SourceTitle "EXT 2022"]
[Source "ChessBase"]
[SourceDate "2021.10.06"]
[SourceVersion "1"]
[SourceVersionDate "2021.10.06"]
[SourceQuality "1"]

1. c4 e5 2. Nc3 Nc6 3. e3 Nf6 4. d4 exd4 5. exd4 d5 6. cxd5 Nxd5 7. Nf3 Be7 8. Be2 0-0 9. 0-0 Be6 10. a3 Qd7 11. Ne4 Rad8 12. Bg5 Bxg5 13. Nfxg5 Bf5 14. Ng3 h6 15. Nxf5 Qxf5 16. Nf3 Nf4 17. Rc1 Qg4 18. g3 Rfe8 19. Bb5 Re6 20. Bxc6 bxc6 21. Kh1 Ne2 22. Ng1 Rxd4 23. f3 Rxd1 24. fxg4 Rxc1 0-1

[Event "Torquay op 49th"]
[Site "Torquay"]
[Date "2015.11.13"]
[Round "1"]
[White "Dilleigh, Stephen P"]
[Black "Bartlett, Simon"]
[Result "1/2-1/2"]
[WhiteElo "2061"]
[BlackElo "1953"]
[PlyCount "103"]
[EventDate "2015.11.13"]
[EventType "swiss"]
[EventRounds "5"]
[EventCountry "ENG"]
[SourceTitle "EXT 2022"]
[Source "ChessBase"]
[SourceDate "2021.10.06"]
[SourceVersion "1"]
[SourceVersionDate "2021.10.06"]
[SourceQuality "1"]

1. Nf3 Nf6 2. c4 g6 3. Nc3 Bg7 4. d4 d5 5. Bg5 Ne4 6. Bh4 Nxc3 7. bxc3 c5 8. cxd5 cxd4 9. cxd4 Qa5+ 10. Qd2 Qxd5 11. e3 Nc6 12. Rb1 a6 13. Be2 0-0 14. 0-0 e5 15. dxe5 Qxd2 16. Nxd2 Nxe5 17. f4 Bg4 18. Rfe1 Bxe2 19. Rxe2 Nd3 20. Rxb7 Rfc8 21. Nb3 a5 22. Rd2 Nc5 23. Nxc5 Rxc5 24. Rdd7 Rc1+ 25. Kf2 Rc2+ 26. Kf3 Rf8 27. Be7 Re8 28. a3 Rc3 29. Ra7 Bf8 30. Bxf8 Rcxe3+ 31. Kg4 Rxf8 32. Rxa5 h5+ 33. Kh4 Re2 34. Kh3 h4 35. Raa7 Kg7 36. Re7 Rxe7 37. Rxe7 Ra8 38. Re3 Ra4 39. Rf3 g5 40. fxg5 Kg6 41. g3 Kxg5 42. gxh4+ Rxh4+ 43. Kg3 Ra4 44. Rb3 f6 45. h3 Kh5 46. Kf3 Kg6 47. Ke3 Kf5 48. Kd2 Ke5 49. Kc2 f5 50. Rb5+ Ke6 51. Kb2 Rh4 52. Rb3 1/2-1/2

[Event "Bournemouth op 4th"]
[Site "Bournemouth"]
[Date "2015.06.20"]
[Round "2"]
[White "Bartlett, Simon"]
[Black "Myall, Ivan J"]
[Result "0-1"]
[WhiteElo "1953"]
[BlackElo "2048"]
[PlyCount "98"]
[EventDate "2015.06.19"]
[EventType "swiss"]
[EventRounds "5"]
[EventCountry "ENG"]
[SourceTitle "CBM 167 Extra"]
[Source "ChessBase"]
[SourceDate "2015.09.14"]
[SourceVersion "1"]
[SourceVersionDate "2015.09.14"]
[SourceQuality "1"]

1. e4 e5 2. Nf3 Nc6 3. Bb5 Bc5 4. 0-0 Nd4 5. Nxd4 Bxd4 6. c3 Bb6 7. d4 c6 8. Ba4 d6 9. Na3 Qf6 10. Be3 Qg6 11. Bc2 Bh3 12. Qf3 Bg4 13. Qg3 Nf6 14. f3 Be6 15. Qxg6 hxg6 16. Bd3 d5 17. Nc2 dxe4 18. Bxe4 Nxe4 19. fxe4 Rh4 20. d5 cxd5 21. Bxb6 axb6 22. exd5 Bxd5 23. Nb4 Be6 24. a3 Ke7 25. Rad1 Rd8 26. Rxd8 Kxd8 27. Rd1+ Kc7 28. g3 Rh8 29. Nd5+ Bxd5 30. Rxd5 f6 31. Rb5 Rd8 32. Kf1 Rd2 33. h4 Kc6 34. Rb4 f5 35. a4 e4 36. Rc4+ Kd6 37. Rb4 Kc5 38. b3 Rd3 39. Rc4+ Kd6 40. Kf2 Ke6 41. Rc7 Rd7 42. Rc4 Ke5 43. Rb4 Rd2+ 44. Kf1 e3 45. Rc4 Rf2+ 46. Ke1 Rg2 47. Rc8 Rxg3 48. Ke2 f4 49. Re8+ Kf5 0-1

[Event "Torquay op 48th"]
[Site "Torquay"]
[Date "2014.11.15"]
[Round "2"]
[White "De Coverly, Roger D"]
[Black "Bartlett, Simon"]
[Result "1-0"]
[WhiteElo "2002"]
[BlackElo "1961"]
[PlyCount "111"]
[EventDate "2014.11.14"]
[EventType "swiss"]
[EventRounds "5"]
[EventCountry "ENG"]
[SourceTitle "EXT 2022"]
[Source "ChessBase"]
[SourceDate "2021.10.06"]
[SourceVersion "1"]
[SourceVersionDate "2021.10.06"]
[SourceQuality "1"]

1. Nf3 d5 2. g3 g6 3. Bg2 Bg7 4. d4 Nf6 5. 0-0 0-0 6. c4 dxc4 7. Na3 Nc6 8. Nxc4 Be6 9. b3 Bd5 10. Bb2 a5 11. Rc1 e6 12. Ne3 Nb4 13. Nxd5 exd5 14. a3 Na6 15. Ne5 c6 16. e3 Nc7 17. b4 axb4 18. axb4 Nb5 19. Qb3 Qe7 20. Rfd1 Rfd8 21. Bf1 Ne4 22. f3 Ned6 23. Re1 f6 24. Nd3 Kh8 25. Nc5 f5 26. Na4 Ra6 27. Nc3 Rb6 28. Nxb5 Nxb5 29. Kf2 Nc7 30. Bc3 Nb5 31. Bd2 Ra8 32. Ra1 Rxa1 33. Rxa1 Bf6 34. Ra5 Nc7 35. Qc3 Ne6 36. b5 c5 37. Ra8+ Kg7 38. Qa5 Qc7 39. dxc5 Nxc5 40. Qa2 Qd7 41. Qc2 Ne6 42. Kg2 d4 43. e4 fxe4 44. Qxe4 Nc5 45. Qc2 Be7 46. Qc4 Qe6 47. Qxe6 Nxe6 48. Bc4 Kf6 49. Kf2 Nc7 50. Ra5 Bc5 51. Ke2 Rd6 52. Kd3 Rd7 53. h4 Ne8 54. Bg5+ Kg7 55. Ra8 Kf8 56. b6 1-0

[Event "BCF-ch 5-day op PM Week 2"]
[Site "Torquay"]
[Date "2013.08.09"]
[Round "5.2"]
[White "Bryant, Richard BE"]
[Black "Bartlett, Simon"]
[Result "1-0"]
[WhiteElo "1969"]
[BlackElo "1947"]
[PlyCount "145"]
[EventDate "2013.08.05"]
[EventType "swiss"]
[EventRounds "5"]
[EventCountry "ENG"]
[SourceTitle "EXT 2023"]
[Source "ChessBase"]
[SourceDate "2022.10.05"]
[SourceVersion "1"]
[SourceVersionDate "2022.10.05"]
[SourceQuality "1"]

1. e4 c5 2. Nc3 Nc6 3. f4 e6 4. Nf3 g6 5. Bb5 Nd4 6. Bd3 d6 7. Nxd4 cxd4 8. Nb5 Bg7 9. c3 Qb6 10. Nxd4 Bxd4 11. Qa4+ Bd7 12. Qxd4 Qxd4 13. cxd4 Ne7 14. b3 d5 15. Bb2 Bc6 16. e5 a6 17. Kf2 Kd7 18. g4 Bb5 19. Bc2 Rhc8 20. Rac1 a5 21. a3 Rc7 22. Bd1 Rxc1 23. Bxc1 Bd3 24. Bb2 Rc8 25. Bc3 b6 26. h4 h6 27. h5 Rh8 28. Ke3 Be4 29. Rh2 gxh5 30. Rxh5 Bg6 31. Rh2 Ng8 32. d3 Ne7 33. b4 axb4 34. Ba4+ Kc7 35. Bxb4 Nc8 36. Rc2+ Kb8 37. Rf2 h5 38. f5 exf5 39. gxf5 Bh7 40. Kf4 Rg8 41. Bc6 Rg4+ 42. Ke3 Rg3+ 43. Kd2 h4 44. Bxd5 h3 45. Be4 Rg5 46. d5 Kc7 47. d6+ Kd8 48. Ke3 Rh5 49. Rh2 Bxf5 50. Bxf5 Rxf5 51. Ke4 Rh5 52. d4 Kd7 53. Kf3 Rh4 54. Bc3 Na7 55. Ke3 Ke6 56. Be1 Rh7 57. Ke4 f5+ 58. exf6 Kxf6 59. Bg3 Ke6 60. d5+ Kd7 61. Rb2 b5 62. Rc2 Kd8 63. Rc7 Rxc7 64. dxc7+ Kd7 65. Kd4 b4 66. axb4 Nb5+ 67. Kc5 Nxc7 68. b5 Ne8 69. Bh2 Nf6 70. b6 Ne4+ 71. Kb5 Nd6+ 72. Ka6 Ne4 73. b7 1-0

[Event "BCF-ch 5-day op PM Week 2"]
[Site "Torquay"]
[Date "2013.08.05"]
[Round "1.8"]
[White "Blake, J Morgan"]
[Black "Bartlett, Simon"]
[Result "0-1"]
[WhiteElo "1675"]
[BlackElo "1947"]
[PlyCount "86"]
[EventDate "2013.08.05"]
[EventType "swiss"]
[EventRounds "5"]
[EventCountry "ENG"]
[SourceTitle "EXT 2023"]
[Source "ChessBase"]
[SourceDate "2022.10.05"]
[SourceVersion "1"]
[SourceVersionDate "2022.10.05"]
[SourceQuality "1"]

1. e4 c5 2. Nc3 Nc6 3. f4 e6 4. Nf3 g6 5. Bb5 Nd4 6. Ba4 a6 7. d3 Bg7 8. 0-0 Ne7 9. Ne2 0-0 10. c3 Nxe2+ 11. Qxe2 d5 12. Be3 Qc7 13. Bf2 b5 14. Bb3 Bb7 15. Bg3 Qc6 16. Rae1 c4 17. Bc2 cxd3 18. Bxd3 dxe4 19. Bxe4 Qxe4 20. Qxe4 Bxe4 21. Rxe4 Nf5 22. Bf2 Rfd8 23. Ree1 Rd5 24. Bb6 Rb8 25. Ba5 Rb7 26. Kf2 Rbd7 27. Ke2 Nd6 28. Rd1 Nc4 29. Rxd5 Rxd5 30. Bc7 Nxb2 31. Be5 Nc4 32. Bxg7 Kxg7 33. Nd4 e5 34. fxe5 Rxe5+ 35. Kf2 Re3 36. Ne2 Rd3 37. Ra1 Na3 38. Kf1 Rd2 39. Ke1 Rb2 40. Kd1 g5 41. h3 f5 42. g3 Kf6 43. Nd4 Rh2 0-1

[Event "BCF-ch Weekender Atkins"]
[Site "Torquay"]
[Date "2013.08.02"]
[Round "1.1"]
[White "Bartlett, Simon"]
[Black "Basman, Michael J"]
[Result "0-1"]
[WhiteElo "1947"]
[BlackElo "2329"]
[PlyCount "48"]
[EventDate "2013.08.02"]
[EventType "swiss"]
[EventRounds "5"]
[EventCountry "ENG"]
[SourceTitle "EXT 2023"]
[Source "ChessBase"]
[SourceDate "2022.10.05"]
[SourceVersion "1"]
[SourceVersionDate "2022.10.05"]
[SourceQuality "1"]

1. e4 h6 2. d4 a6 3. Bd3 e6 4. f4 b5 5. Nf3 c5 6. c3 Bb7 7. 0-0 Nf6 8. Nbd2 Nc6 9. Qe2 Qb6 10. Kh1 cxd4 11. cxd4 Nxd4 12. Nxd4 Qxd4 13. Nf3 Qb6 14. f5 Bc5 15. fxe6 dxe6 16. Ne5 Rd8 17. Nxf7 Kxf7 18. e5 Qc6 19. Bc2 Ke7 20. exf6+ gxf6 21. Bf4 Rhg8 22. Bg3 Qxg2+ 23. Qxg2 Bxg2+ 24. Kxg2 Rd2+ 0-1

[Event "Paington op"]
[Site "Paignton"]
[Date "2011.09.10"]
[Round "7"]
[White "Bartlett, Simon"]
[Black "Thorell, Viktor"]
[Result "0-1"]
[WhiteElo "1978"]
[BlackElo "2041"]
[PlyCount "50"]
[EventDate "2011.09.04"]
[EventType "swiss"]
[EventRounds "7"]
[EventCountry "ENG"]
[SourceTitle "CBM 144 Extra"]
[Source "ChessBase"]
[SourceDate "2011.10.28"]
[SourceVersion "1"]
[SourceVersionDate "2011.10.28"]
[SourceQuality "1"]

1. e4 c6 2. d4 g6 3. f4 d5 4. e5 h5 5. Nf3 Nh6 6. Bd3 Bg4 7. 0-0 e6 8. Nbd2 c5 9. c3 Nc6 10. Qa4 a6 11. Kh1 b5 12. Qc2 c4 13. Be2 Bf5 14. Qd1 Ng4 15. Nb1 Be7 16. Qe1 b4 17. Ng5 Rb8 18. Bd2 Qb6 19. h3 bxc3 20. bxc3 Qb2 21. Na3 Bxa3 22. hxg4 hxg4+ 23. Kg1 Nxd4 24. cxd4 Qxd4+ 25. Rf2 g3 0-1

[Event "Paington op"]
[Site "Paignton"]
[Date "2011.09.07"]
[Round "4"]
[White "Wells, Jonathan C"]
[Black "Bartlett, Simon"]
[Result "1/2-1/2"]
[WhiteElo "2052"]
[BlackElo "1978"]
[PlyCount "101"]
[EventDate "2011.09.04"]
[EventType "swiss"]
[EventRounds "7"]
[EventCountry "ENG"]
[SourceTitle "CBM 144 Extra"]
[Source "ChessBase"]
[SourceDate "2011.10.28"]
[SourceVersion "1"]
[SourceVersionDate "2011.10.28"]
[SourceQuality "1"]

1. d4 Nf6 2. c4 g6 3. g3 Bg7 4. Bg2 0-0 5. Nf3 c5 6. d5 d6 7. Nc3 Bd7 8. 0-0 Na6 9. Nd2 Nc7 10. a4 b6 11. e4 Rb8 12. h3 a6 13. Qc2 b5 14. f4 bxc4 15. Nxc4 Rb4 16. b3 Qb8 17. Rb1 Qa7 18. Kh2 a5 19. Bd2 Rb7 20. Ne2 Na6 21. Bxa5 Nb4 22. Bxb4 Rxb4 23. Nc1 Rfb8 24. Nd3 R4b7 25. e5 Ne8 26. e6 Bc8 27. g4 fxe6 28. dxe6 Rc7 29. f5 g5 30. Qd2 h6 31. h4 Bf6 32. Ne1 Bb7 33. Nf3 Bxf3 34. Bxf3 Rcc8 35. hxg5 Bxg5 36. Qa5 Qxa5 37. Nxa5 Rb6 38. Nc4 Rb4 39. a5 Nc7 40. Nb6 Rb8 41. Nd5 Nxd5 42. Bxd5 Rc8 43. a6 Rc7 44. Bb7 Rcxb7 45. axb7 Rxb7 46. Rfd1 Kg7 47. Kg3 Rb4 48. Rd3 c4 49. Rd4 d5 50. Rxd5 cxb3 51. Rc5 1/2-1/2

[Event "West of England op"]
[Site "Exmouth"]
[Date "2009.04.12"]
[Round "5"]
[White "Bass, John W"]
[Black "Bartlett, Simon"]
[Result "1-0"]
[WhiteElo "1912"]
[BlackElo "1816"]
[PlyCount "43"]
[EventDate "2009.04.10"]
[EventType "swiss"]
[EventRounds "7"]
[EventCountry "ENG"]
[SourceTitle "EXT 2011"]
[Source "ChessBase"]
[SourceDate "2010.11.26"]
[SourceVersion "1"]
[SourceVersionDate "2010.11.26"]
[SourceQuality "1"]

1. d4 Nf6 2. c4 g6 3. Nc3 d5 4. Nf3 Bg7 5. Bf4 0-0 6. e3 c5 7. dxc5 Qa5 8. Rc1 Ne4 9. Be5 Nxc3 10. Bxc3 Bxc3+ 11. Rxc3 Qxa2 12. Qc1 Qa5 13. cxd5 Nd7 14. Nd2 Nf6 15. e4 Bd7 16. Be2 Bb5 17. Ra3 Ba4 18. b3 Nxe4 19. Rxa4 Qxc5 20. Qxc5 Nxc5 21. Rc4 Rfc8 22. 0-0 1-0

[Event "West of England op"]
[Site "Exmouth"]
[Date "2009.04.10"]
[Round "1"]
[White "Bartlett, Simon"]
[Black "Richardson, Alex"]
[Result "1-0"]
[WhiteElo "1816"]
[BlackElo "2024"]
[PlyCount "93"]
[EventDate "2009.04.10"]
[EventType "swiss"]
[EventRounds "7"]
[EventCountry "ENG"]
[SourceTitle "EXT 2011"]
[Source "ChessBase"]
[SourceDate "2010.11.26"]
[SourceVersion "1"]
[SourceVersionDate "2010.11.26"]
[SourceQuality "1"]

1. e4 e5 2. Nf3 Nc6 3. Bb5 a6 4. Bxc6 dxc6 5. 0-0 Bg4 6. h3 h5 7. d3 Qf6 8. Nbd2 Ne7 9. Nc4 Bxf3 10. Qxf3 Qxf3 11. gxf3 Ng6 12. Kh2 0-0-0 13. Ne3 Nf4 14. Ng2 Ne2 15. Be3 c5 16. Kh1 Nd4 17. Bxd4 exd4 18. f4 Rh6 19. f5 b5 20. Nf4 Bd6 21. Ne2 g5 22. fxg6 Rxg6 23. f4 c4 24. Rg1 cxd3 25. cxd3 c5 26. Rxg6 fxg6 27. Rd1 Kd7 28. Kg2 Rf8 29. e5 Bc7 30. Rc1 Bb6 31. Kf3 g5 32. Ke4 gxf4 33. Nxf4 Ba7 34. Rg1 Ke8 35. Nxh5 Rh8 36. Nf4 Rh7 37. Rg8+ Kd7 38. Kd5 c4 39. dxc4 bxc4 40. Kxc4 Rh4 41. Rg4 Rh7 42. h4 Ke8 43. h5 Rb7 44. e6 Rxb2 45. Rg8+ Ke7 46. Rg7+ Kd6 47. Rxa7 1-0

[Event "West of England op"]
[Site "Exmouth"]
[Date "2009.04.10"]
[Round "3"]
[White "Helbig, Paul"]
[Black "Bartlett, Simon"]
[Result "1-0"]
[WhiteElo "2072"]
[BlackElo "1816"]
[PlyCount "71"]
[EventDate "2009.04.10"]
[EventType "swiss"]
[EventRounds "7"]
[EventCountry "ENG"]
[SourceTitle "EXT 2011"]
[Source "ChessBase"]
[SourceDate "2010.11.26"]
[SourceVersion "1"]
[SourceVersionDate "2010.11.26"]
[SourceQuality "1"]

1. e4 c5 2. Nc3 Nc6 3. g3 g6 4. Bg2 Bg7 5. d3 d6 6. f4 e6 7. Nf3 Nge7 8. 0-0 0-0 9. Be3 Nd4 10. e5 Nef5 11. Bf2 d5 12. Nxd4 cxd4 13. Ne2 Ne3 14. Bxe3 dxe3 15. c3 Qb6 16. Rb1 Bd7 17. d4 Qa6 18. Nc1 Bb5 19. Re1 e2 20. Qd2 Rfc8 21. Bf3 Rc7 22. a3 b6 23. Kh1 Rac8 24. Bxe2 Bxe2 25. Rxe2 Qb7 26. Nd3 Bf8 27. Nf2 b5 28. Ng4 Bg7 29. Nf6+ Bxf6 30. exf6 Qb6 31. Rbe1 Qc6 32. f5 e5 33. Qh6 Qxf6 34. Rxe5 Rf8 35. Re8 Rc8 36. Qxf8# 1-0

[Event "East Devon op"]
[Site "Exeter"]
[Date "2009.03.07"]
[Round "3"]
[White "Bartlett, Simon"]
[Black "Gorodi, John G"]
[Result "1-0"]
[WhiteElo "1816"]
[BlackElo "1696"]
[PlyCount "61"]
[EventDate "2009.03.06"]
[EventType "swiss"]
[EventRounds "5"]
[EventCountry "ENG"]
[SourceTitle "EXT 2011"]
[Source "ChessBase"]
[SourceDate "2010.11.26"]
[SourceVersion "1"]
[SourceVersionDate "2010.11.26"]
[SourceQuality "1"]

1. e4 d5 2. exd5 Nf6 3. Bb5+ Bd7 4. Bc4 Bg4 5. f3 Bf5 6. Nc3 c6 7. dxc6 Nxc6 8. Nge2 e6 9. d4 Be7 10. 0-0 0-0 11. Be3 a6 12. a3 Rc8 13. Bd3 Bxd3 14. Qxd3 Re8 15. Ne4 Nd5 16. Bd2 e5 17. c4 Nf4 18. Bxf4 exf4 19. Rfd1 Qc7 20. b4 Bd8 21. Rac1 f5 22. N4c3 Ne7 23. c5 g5 24. d5 Qd7 25. Nd4 Ng6 26. Ne6 Qf7 27. Nxd8 Rcxd8 28. Re1 Ne5 29. Qf1 Nc4 30. Qxc4 Re3 31. Rxe3 1-0

[Event "Torquay op"]
[Site "Torquay"]
[Date "2008.11.23"]
[Round "4"]
[White "Bartlett, Simon"]
[Black "Stephens, John KF"]
[Result "0-1"]
[WhiteElo "1816"]
[BlackElo "1936"]
[PlyCount "70"]
[EventDate "2008.11.21"]
[EventType "swiss"]
[EventRounds "5"]
[EventCountry "ENG"]
[SourceTitle "EXT 2011"]
[Source "ChessBase"]
[SourceDate "2010.11.26"]
[SourceVersion "1"]
[SourceVersionDate "2010.11.26"]
[SourceQuality "1"]

1. e4 c5 2. Nf3 d6 3. d4 cxd4 4. Nxd4 Nf6 5. Nc3 a6 6. Bg5 e6 7. f4 b5 8. e5 dxe5 9. fxe5 Qc7 10. exf6 Qe5+ 11. Be2 Qxg5 12. 0-0 Ra7 13. Kh1 Rd7 14. Nf3 Rxd1 15. Nxg5 Rxa1 16. Rxa1 gxf6 17. Nge4 f5 18. Nf6+ Ke7 19. Nh5 Bh6 20. Bf3 Rd8 21. Rd1 Rxd1+ 22. Nxd1 Nd7 23. Nf2 Ne5 24. Be2 Bb7 25. c3 Bd5 26. b3 Bd2 27. Nd1 Be4 28. a4 bxa4 29. bxa4 Bc2 30. Nb2 Bxc3 31. Nc4 Nxc4 32. Bxc4 a5 33. Bb5 Be5 34. Ng3 Bxg3 35. hxg3 Kd6 0-1

[Event "Torquay op"]
[Site "Torquay"]
[Date "2008.11.22"]
[Round "2"]
[White "Bartlett, Simon"]
[Black "Pleasants, Allan J"]
[Result "0-1"]
[WhiteElo "1816"]
[BlackElo "2100"]
[PlyCount "63"]
[EventDate "2008.11.21"]
[EventType "swiss"]
[EventRounds "5"]
[EventCountry "ENG"]
[SourceTitle "EXT 2011"]
[Source "ChessBase"]
[SourceDate "2010.11.26"]
[SourceVersion "1"]
[SourceVersionDate "2010.11.26"]
[SourceQuality "1"]

1. e4 c5 2. Nf3 Nc6 3. d4 cxd4 4. Nxd4 Nf6 5. Nc3 d6 6. Bc4 e6 7. Bb3 Be7 8. 0-0 0-0 9. Be3 Qc7 10. f4 Bd7 11. Qe2 a6 12. f5 Nxd4 13. Bxd4 exf5 14. exf5 Bc6 15. Rae1 Rae8 16. Qd1 b5 17. Re3 Qb7 18. Rg3 d5 19. Qf3 Rd8 20. Re1 b4 21. Nd1 Rfe8 22. Ne3 Qc7 23. Ng4 Nxg4 24. Qxg4 g6 25. fxg6 hxg6 26. Qh5 Bf6 27. Rxe8+ Bxe8 28. Bxf6 Qb6+ 29. Kh1 Qxf6 30. Qf3 Qxb2 31. h4 Qe5 32. Rg5 0-1

[Event "Torquay op"]
[Site "Torquay"]
[Date "2008.11.22"]
[Round "3"]
[White "Brusey, Alan W"]
[Black "Bartlett, Simon"]
[Result "0-1"]
[WhiteElo "2059"]
[BlackElo "1816"]
[PlyCount "86"]
[EventDate "2008.11.21"]
[EventType "swiss"]
[EventRounds "5"]
[EventCountry "ENG"]
[SourceTitle "EXT 2011"]
[Source "ChessBase"]
[SourceDate "2010.11.26"]
[SourceVersion "1"]
[SourceVersionDate "2010.11.26"]
[SourceQuality "1"]

1. e4 c5 2. c3 g6 3. d4 cxd4 4. cxd4 d5 5. exd5 Nf6 6. Nc3 Nxd5 7. Nf3 Bg7 8. Bc4 Nxc3 9. bxc3 0-0 10. 0-0 Qc7 11. Bb3 Qxc3 12. Ba3 Qc7 13. Rc1 Qd8 14. Re1 Re8 15. Ng5 e6 16. Ne4 Nc6 17. Ba4 Bd7 18. Nd6 Nxd4 19. Bxd7 Qxd7 20. Nxe8 Rxe8 21. h3 Rc8 22. Bc5 b6 23. Bxd4 Rxc1 24. Qxc1 Bxd4 25. Qd2 Qd5 26. Rd1 e5 27. Kf1 Qc4+ 28. Qe2 b5 29. Qxc4 bxc4 30. Ke2 g5 31. f4 Kg7 32. Rb1 h5 33. Rb7 h4 34. Rc7 c3 35. Kd3 Kg6 36. a4 f6 37. Rc6 Kf7 38. Ke4 Kg6 39. a5 Kf7 40. Kf5 Ke7 41. Rc4 Kd6 42. a6 Kd5 43. Ra4 c2 0-1

[Event "Beacon Juniors op"]
[Site "Exmouth"]
[Date "2008.11.21"]
[Round "5"]
[White "Heppell, Ian"]
[Black "Bartlett, Simon"]
[Result "1-0"]
[WhiteElo "2169"]
[BlackElo "1816"]
[PlyCount "41"]
[EventDate "2008.11.17"]
[EventType "swiss"]
[EventRounds "5"]
[EventCountry "ENG"]
[SourceTitle "EXT 2011"]
[Source "ChessBase"]
[SourceDate "2010.11.26"]
[SourceVersion "1"]
[SourceVersionDate "2010.11.26"]
[SourceQuality "1"]

1. e4 c5 2. Nf3 Nc6 3. c3 d5 4. exd5 Qxd5 5. d4 cxd4 6. cxd4 e6 7. Nc3 Qa5 8. Bd3 Bb4 9. Bd2 Nf6 10. 0-0 0-0 11. a3 Bxc3 12. bxc3 Qh5 13. Re1 Re8 14. Rb1 a6 15. c4 e5 16. d5 e4 17. dxc6 bxc6 18. Bc3 Bf5 19. Bxf6 gxf6 20. Nd4 Rad8 21. Qxh5 1-0

[Event "Beacon Juniors op"]
[Site "Exmouth"]
[Date "2008.11.19"]
[Round "3"]
[White "Schofield, Stephen W"]
[Black "Bartlett, Simon"]
[Result "1/2-1/2"]
[WhiteElo "1712"]
[BlackElo "1816"]
[PlyCount "86"]
[EventDate "2008.11.17"]
[EventType "swiss"]
[EventRounds "5"]
[EventCountry "ENG"]
[SourceTitle "EXT 2011"]
[Source "ChessBase"]
[SourceDate "2010.11.26"]
[SourceVersion "1"]
[SourceVersionDate "2010.11.26"]
[SourceQuality "1"]

1. e4 c5 2. f4 Nc6 3. Nf3 g6 4. c3 d5 5. Bb5 dxe4 6. Bxc6+ bxc6 7. Ne5 Qc7 8. 0-0 Bg7 9. Qa4 Nf6 10. Qc4 0-0 11. Qxc5 Bb7 12. Na3 Qb6 13. Qe3 Nd5 14. Qxb6 axb6 15. Nec4 Rfd8 16. Rf2 b5 17. Ne3 Nxe3 18. dxe3 Rd1+ 19. Rf1 Rad8 20. Nc2 c5 21. Rxd1 Rxd1+ 22. Kf2 Ba6 23. Ke2 Rh1 24. h3 b4+ 25. Kd2 bxc3+ 26. bxc3 Bd3 27. Bb2 Rxa1 28. Bxa1 e5 29. Ne1 Bc4 30. a4 exf4 31. exf4 f5 32. Nc2 Bf8 33. Ne3 Bb3 34. a5 Bd6 35. c4 Bxf4 36. a6 Bxc4 37. a7 Bd5 38. Ke2 Bxe3 39. Kxe3 Kf7 40. Kf4 Ke6 41. Be5 h6 42. h4 Ba8 43. g3 Bb7 1/2-1/2

[Event "East Devon op"]
[Site "Exeter"]
[Date "2008.03.02"]
[Round "5"]
[White "Brusey, Alan W"]
[Black "Bartlett, Simon"]
[Result "1-0"]
[WhiteElo "1888"]
[BlackElo "1768"]
[PlyCount "67"]
[EventDate "2008.02.29"]
[EventType "swiss"]
[EventRounds "5"]
[EventCountry "ENG"]
[SourceTitle "EXT 2009"]
[Source "ChessBase"]
[SourceDate "2008.11.26"]
[SourceVersion "1"]
[SourceVersionDate "2008.11.26"]
[SourceQuality "1"]

1. e4 c5 2. c3 g6 3. d4 cxd4 4. cxd4 d5 5. exd5 Nf6 6. Bb5+ Nbd7 7. Nc3 a6 8. Qa4 Bg7 9. Nf3 0-0 10. Bxd7 Bxd7 11. Qb3 b5 12. 0-0 Bc8 13. Bg5 Bb7 14. Bxf6 Bxf6 15. Rfe1 Rc8 16. a4 b4 17. Qxb4 Bxd5 18. Nxd5 Qxd5 19. Rac1 Rb8 20. Qd2 Rfd8 21. h3 Qb3 22. Qa5 Qb6 23. Qxb6 Rxb6 24. Rc2 Rb4 25. a5 Rd5 26. Ne5 Rbxd4 27. Nc6 Rd1 28. Kf1 Rxe1+ 29. Kxe1 Kf8 30. b4 Rd3 31. Ke2 Rc3 32. Rxc3 Bxc3 33. b5 Bxa5 34. bxa6 1-0

[Event "East Devon op"]
[Site "Exeter"]
[Date "2008.03.01"]
[Round "3"]
[White "Bartlett, Simon"]
[Black "Taylor, Geoffrey P"]
[Result "1/2-1/2"]
[WhiteElo "1768"]
[BlackElo "2028"]
[PlyCount "46"]
[EventDate "2008.02.29"]
[EventType "swiss"]
[EventRounds "5"]
[EventCountry "ENG"]
[SourceTitle "EXT 2009"]
[Source "ChessBase"]
[SourceDate "2008.11.26"]
[SourceVersion "1"]
[SourceVersionDate "2008.11.26"]
[SourceQuality "1"]

1. e4 c5 2. Nf3 Nc6 3. d4 cxd4 4. Nxd4 e6 5. Nc3 a6 6. Be3 Qc7 7. Be2 Nf6 8. 0-0 b5 9. Nxc6 dxc6 10. Bf3 Bb7 11. Qe2 Bd6 12. g3 0-0 13. Bg2 Nd7 14. f4 Nb6 15. e5 Be7 16. Rad1 Nd5 17. Ne4 Nxe3 18. Qxe3 Rad8 19. Qe2 c5 20. Rxd8 Rxd8 21. Rd1 c4 22. Rxd8+ Qxd8 23. Qd2 Bxe4 1/2-1/2

[Event "East Devon op"]
[Site "Exeter"]
[Date "2008.03.01"]
[Round "2"]
[White "Stephens, John KF"]
[Black "Bartlett, Simon"]
[Result "1/2-1/2"]
[WhiteElo "1864"]
[BlackElo "1768"]
[PlyCount "76"]
[EventDate "2008.02.29"]
[EventType "swiss"]
[EventRounds "5"]
[EventCountry "ENG"]
[SourceTitle "EXT 2009"]
[Source "ChessBase"]
[SourceDate "2008.11.26"]
[SourceVersion "1"]
[SourceVersionDate "2008.11.26"]
[SourceQuality "1"]

1. e4 c5 2. Nf3 Nc6 3. d4 cxd4 4. Nxd4 Nf6 5. Nc3 e5 6. Ndb5 d6 7. Bg5 a6 8. Na3 b5 9. Nd5 Be7 10. Bxf6 Bxf6 11. c3 Ne7 12. Nc2 Bg5 13. a4 bxa4 14. Rxa4 a5 15. Nxe7 Bxe7 16. Bb5+ Kf8 17. 0-0 Bb7 18. Ne3 g6 19. Qd3 Kg7 20. Rd1 Rf8 21. Nc4 Qc7 22. Rda1 Qc5 23. Nxa5 Bxe4 24. Rxe4 Rfb8 25. c4 d5 26. Rxe5 Qb4 27. Qc3 Qxc3 28. bxc3 dxc4 29. Bxc4 Bf6 30. Re3 Bd8 31. Re5 Bf6 32. Re3 Bd8 33. g3 Rxa5 34. Rxa5 Bxa5 35. Re7 Rf8 36. Re3 Rc8 37. Bb5 Rxc3 38. Re7 Rc7 1/2-1/2